Schaum's outline of theory and problems of computer graphics (Record no. 8113)

000 -LEADER
fixed length control field 00572nam a22002057a 4500
001 - CONTROL NUMBER
control field 8113
003 - CONTROL NUMBER IDENTIFIER
control field BD-DhUET
008 - FIXED-LENGTH DATA ELEMENTS--GENERAL INFORMATION
fixed length control field 150118b xxu||||| |||| 00| 0 eng d
020 ## - INTERNATIONAL STANDARD BOOK NUMBER
International Standard Book Number 0070991537
040 ## - CATALOGING SOURCE
Original cataloging agency DLC
Transcribing agency DLC
Modifying agency BD-DhUET
082 ## - DEWEY DECIMAL CLASSIFICATION NUMBER
Classification number 001.6443
Item number PLA/1996
100 ## - MAIN ENTRY--PERSONAL NAME
Personal name Plastock, Roy A.
245 ## - TITLE STATEMENT
Title Schaum's outline of theory and problems of computer graphics
Statement of responsibility, etc. by Plastock, Roy A
250 ## - EDITION STATEMENT
Edition statement Ist. ed.
260 ## - PUBLICATION, DISTRIBUTION, ETC. (IMPRINT)
Place of publication, distribution, etc. New york
Name of publisher, distributor, etc. McGraw-Hill
Date of publication, distribution, etc. 1986
300 ## - PHYSICAL DESCRIPTION
Extent viii,340p.
Other physical details ill.
650 #0 - SUBJECT ADDED ENTRY--TOPICAL TERM
Topical term or geographic name as entry element Computer graphics, computer
700 ## - ADDED ENTRY--PERSONAL NAME
Personal name Kalley, Gordon
942 ## - ADDED ENTRY ELEMENTS (KOHA)
Koha item type General Book
Holdings
Source of classification or shelving scheme Shelving location Koha issues (times borrowed) Price effective from Koha full call number Not for loan Koha date last seen Copy number Koha item type Sublocation or collection (holding branch) Withdrawn status Koha date last borrowed Damaged status Lost status Location (home branch) Koha normalized classification for sorting Piece designation (barcode) Date acquired
 Circulation section 2015-01-18001.6443/PLA/1996 2016-01-051General BookCentral Library, BUET    Central Library, BUET001_644300000000000_PLA_1996910182015-01-18
 Circulation section 2015-01-18001.6443/PLA/1996 2015-01-182General BookCentral Library, BUET    Central Library, BUET001_644300000000000_PLA_1996910212015-01-18
 Circulation section12015-01-18001.6443/PLA/1996 2019-04-083General BookCentral Library, BUET 2019-02-24  Central Library, BUET001_644300000000000_PLA_1996910102015-01-18
 Circulation section12015-01-18001.6443/PLA/1996 2022-10-104General BookCentral Library, BUET 2022-10-02  Central Library, BUET001_644300000000000_PLA_1996910302015-01-18
 Circulation section 2015-01-18001.6443 PLA/1996 2015-01-185General BookCentral Library, BUET    Central Library, BUET001_644300000000000_PLA_1996910222015-01-18
 Reading section 2015-06-06001.6443/PLA/1996 2015-06-066Reading ItemCentral Library, BUET    Central Library, BUET001_644300000000000_PLA_1996910082015-06-06
 Reading section 2015-06-06001.6443/PLA/1996 2015-06-067General BookCentral Library, BUET    Central Library, BUET001_644300000000000_PLA_1996910092015-06-06